000 00453cam a22001454a 4500
020 _a9780470195093 (pbk.)
050 0 0 _aB809.2
_b.L38 2011
100 1 _aLau, Joe Y. F.,
_d1968-
245 1 3 _aAn introduction to critical thinking and creativity :
_bthink more, think better /
_cJoe Y.F. Lau.
260 _aHoboken, N.J. :
_bWiley,
_c2011.
300 _ax, 262 p. :
500 _aIncludes index.
650 0 _xcritical thinking--creative ability
942 _cSL2
999 _c649
_d649